Pokédex en images : Soleil et Lune - Statistiques

Statistiques générales
  • Ce quiz a été pris 13 fois
  • Le résultat moyen est 150 sur 302
Statistiques - réponses
Par images Réponse % Correct
Chenipan
100%
Chrysacier
100%
Coxy
100%
Migalos
100%
Mimigal
100%
Papilusion
100%
Pichu
100%
Pikachu
100%
Raichu
100%
Rattata
100%
Rattatac
100%
Abra
75%
Akwakwak
75%
Alakazam
75%
Aquali
75%
Arcanin
75%
Archéduc
75%
Barbicha
75%
Barloche
75%
Barpau
75%
Baudrive
75%
Brindibou
75%
Caninos
75%
Chelours
75%
Colossinge
75%
Coxyclaque
75%
Crustabri
75%
Doudouvet
75%
Draby
75%
Drattak
75%
Écrémeuh
75%
Ectoplasma
75%
Efflèche
75%
Évoli
75%
Fantominus
75%
Férosinge
75%
Feuforêve
75%
Flagadoss
75%
Flamiaou
75%
Givrali
75%
Goélise
75%
Goinfrex
75%
Grodrive
75%
Grotadmorv
75%
Hypnomade
75%
Kadabra
75%
Kangourex
75%
Leveinard
75%
Léviator
75%
Machoc
75%
Machopeur
75%
Mackogneur
75%
Maganon
75%
Magby
75%
Magicarpe
75%
Magirêve
75%
Magmar
75%
Magnéti
75%
Magnéton
75%
Magnézone
75%
Mastouffe
75%
Mentali
75%
Miaouss
75%
Noctali
75%
Nosferalto
75%
Nosferapti
75%
Nostenfer
75%
Oratoria
75%
Osselait
75%
Otaquin
75%
Otarlette
75%
Paras
75%
Parasect
75%
Persian
75%
Piafabec
75%
Poissirène
75%
Ponchien
75%
Ponchiot
75%
Pyroli
75%
Ramoloss
75%
Rapasdepic
75%
Rondoudou
75%
Ronflex
75%
Scarabrute
75%
Simularbre
75%
Soporifik
75%
Spectrum
75%
Tadmorv
75%
Taupiqueur
75%
Tauros
75%
Tentacool
75%
Tentacruel
75%
Triopikeur
75%
Voltali
75%
Absol
50%
Airmure
50%
Arakdo
50%
Argouste
50%
Bastiodon
50%
Bazoucan
50%
Bekipan
50%
Cadoizo
50%
Carmache
50%
Chlorobule
50%
Chrysapile
50%
Cizayox
50%
Corayon
50%
Corboss
50%
Cornèbre
50%
Crabagarre
50%
Dinoclier
50%
Draco
50%
Dracolosse
50%
Écayon
50%
Élekable
50%
Élekid
50%
Élektek
50%
Farfuret
50%
Félinferno
50%
Feunard
50%
Flambusard
50%
Gigalithe
50%
Goupix
50%
Granbull
50%
Gravalanch
50%
Griknot
50%
Grodoudou
50%
Grolem
50%
Hariyama
50%
Insécateur
50%
Kranidos
50%
Leuphorie
50%
Lougaroc
50%
Lovdisc
50%
Lucanon
50%
Lucario
50%
Makuhita
50%
Mamanbo
50%
Manglouton
50%
Matoufeu
50%
Mélo
50%
Mélodelfe
50%
Mélofée
50%
Métalosse
50%
Métamorph
50%
Métang
50%
Miamiasme
50%
Milobellus
50%
Mimantis
50%
Minidraco
50%
Morphéo
50%
Noadkoko
50%
Nodulithe
50%
Noeunoeuf
50%
Nounourson
50%
Nymphali
50%
Oniglali
50%
Ossatueur
50%
Passerouge
50%
Phyllali
50%
Picassaut
50%
Piclairon
50%
Poissoroy
50%
Porygon
50%
Porygon2
50%
Porygon-Z
50%
Psykokwak
50%
Ptéra
50%
Ptiravi
50%
Ptitard
50%
Queulorior
50%
Racaillou
50%
Riolu
50%
Rocabot
50%
Roigada
50%
Sabelette
50%
Sablaireau
50%
Sancoki
50%
Sharpedo
50%
Spinda
50%
Spododo
50%
Stalgamin
50%
Stari
50%
Staross
50%
Tarinor
50%
Tartard
50%
Ténéfix
50%
Terhal
50%
Têtarte
50%
Tritox
50%
Vorastérie
50%
Wailmer
50%
Wailord
50%
Aéroptéryx
25%
Araqua
25%
Arkéapti
25%
Bacabouh
25%
Bamboiselle
25%
Bébécaille
25%
Bombydou
25%
Boumata
25%
Bourrinos
25%
Braisillon
25%
Brocélôme
25%
Câblifère
25%
Cancrelove
25%
Candine
25%
Carapagos
25%
Carchacrok
25%
Carvanha
25%
Charkos
25%
Chartor
25%
Colimucus
25%
Concombaffe
25%
Cosmog
25%
Cosmovum
25%
Crabominable
25%
Crocorible
25%
Croquine
25%
Denticrisse
25%
Desséliande
25%
Dimoret
25%
Dodoala
25%
Drackhaus
25%
Draïeul
25%
Écaïd
25%
Ékaiser
25%
Emolga
25%
Engloutyran
25%
Escroco
25%
Farfaduvet
25%
Floramantis
25%
Fragilady
25%
Froussardine
25%
Furaiglon
25%
Géolithe
25%
Gouroutan
25%
Gueriaigle
25%
Guérilande
25%
Katagami
25%
Kokiyas
25%
Kraknoix
25%
Lampignon
25%
Lanturn
25%
Larvibule
25%
Libégon
25%
Lokhlass
25%
Loupio
25%
Luminéon
25%
Lunala
25%
Magearna
25%
Malamandre
25%
Manzaï
25%
Marshadow
25%
Mascaïman
25%
Maskadra
25%
Mégapagos
25%
Météno
25%
Miasmax
25%
Mimiqui
25%
Momartik
25%
Mouscoto
25%
Mucuscule
25%
Muplodocus
25%
Necrozma
25%
Pandarbare
25%
Pandespiègle
25%
Plumeline
25%
Prédastérie
25%
Quartermac
25%
Relicanth
25%
Rubombelle
25%
Sarmuraï
25%
Silvallié
25%
Sinistrail
25%
Snubbull
25%
Solgaleo
25%
Sorbébé
25%
Sorbouboul
25%
Sorboul
25%
Sovkipou
25%
Strassie
25%
Sucreine
25%
Tarenbulle
25%
Tarinorme
25%
Tarpaud
25%
Tiboudet
25%
Togedemaru
25%
Tokopisco
25%
Tokopiyon
25%
Tokorico
25%
Tokotoro
25%
Toudoudou
25%
Trépassable
25%
Tritosor
25%
Trousselin
25%
Type:0
25%
Vaututrice
25%
Vibraninf
25%
Vostourno
25%
Zéroïd
25%
Zygarde
25%
Aucun quiz correspondant
Distribution des résultats
% des personnes avec chaque résultat
Percentile par nombre de réponses
Votre historique - résultats
Vous n’avez pas pris ce quiz